000 00341nam a2200145Ia 4500
008 191201s2012 xx 000 0 und d
082 _a658.4038
_bOBM
100 _aOBRIEN,James A
245 0 _aManagement Information System
250 _aRep
260 _aN. delhi
_bTMH
_c2012
300 _a831
650 _aM.Tech (ME)
942 _2ddc
_cBK
999 _c5234
_d5234